000 00745pam a2200241 a 4500
001 2485328
005 20180104041713.0
008 910111s1991 kyua b 000 0 eng
010 _a 91000251
020 _a0664252427
040 _aDLC
_cDLC
_dDLC
041 _aeng
043 _ae-uk---
080 _a305.3 ANN
082 0 0 _a305.3 ANN
_220
100 1 _a50
101 _aSOC
245 1 0 _aDistorted images :
_cAnne Borrowdale.
504 _aIncludes bibliographical references (p. 150-152).
906 _a7
_bcbc
_corignew
_d1
_eocip
_f19
_gy-gencatlg
942 _2ddc
_cBK
999 _c39671
_d39671